书目信息 |
| 题名: |
季羡林谈读书治学
|
|
| 作者: | 季羡林 著 ;季羡林研究所 编 | |
| 分册: | ||
| 出版信息: | 北京 当代中国出版社 2006 |
|
| 页数: | 159页 | |
| 开本: | 23cm | |
| 丛书名: | ||
| 单 册: | ||
| 中图分类: | G795-53 | |
| 科图分类: | ||
| 主题词: | 读书方法--通俗读物 , 治学方法--通俗读物 , 读书方法 , 治学方法 | |
| 电子资源: | ||
| ISBN: | 7-80170-476-2 | |
| 000 | 00866nam0 2200265 450 | |
| 001 | 1233303016 | |
| 005 | 20121007091704.90 | |
| 010 | @a7-80170-476-2@dCNY19.00 | |
| 100 | @a20060618d2006 em y0chiy50 ea | |
| 101 | 0 | @achi |
| 102 | @aCN@b110000 | |
| 105 | @aa z 000yy | |
| 200 | 1 | @a季羡林谈读书治学@Aji xian lin tan du shu zhi xue@f季羡林著@g季羡林研究所编 |
| 210 | @a北京@c当代中国出版社@d2006 | |
| 215 | @a159页@c照片@d23cm | |
| 330 | @a本书内容包括:我最喜爱的书、我和北京大学图书馆、抓住一个问题终生不放、研究学问的三个境界、关于考证等。 | |
| 606 | 0 | @a读书方法@j通俗读物 |
| 606 | 0 | @a治学方法@j通俗读物 |
| 606 | 0 | @a读书方法 |
| 606 | 0 | @a治学方法 |
| 690 | @aG795-53@v4 | |
| 701 | 0 | @a季羡林@Aji xian lin@f(1911~2009)@4著 |
| 712 | 02 | @a季羡林研究所@Aji xian lin yan jiu suo@4编 |
| 801 | 0 | @aCN@bNLC@c20101222 |
| 905 | @a10447@dG792-49@eJY106 | |
| 季羡林谈读书治学/季羡林著/季羡林研究所编.-北京:当代中国出版社,2006 |
| 159页:照片;23cm |
| ISBN 7-80170-476-2:CNY19.00 |
| 本书内容包括:我最喜爱的书、我和北京大学图书馆、抓住一个问题终生不放、研究学问的三个境界、关于考证等。 |
| ● |
| 相关链接 |
|
|
|
|
正题名:季羡林谈读书治学
索取号:G792-49/JY106
 
预约/预借
| 序号 | 登录号 | 条形码 | 馆藏地/架位号 | 状态 | 备注 |
| 1 | 7828156 | 278281565 | 学院路分馆/ [索取号:G792-49/JY106] | 在馆 | |
| 2 | 7828157 | 278281574 | 学院路分馆/ [索取号:G792-49/JY106] | 在馆 |